Statistics for Super Smash Bros. Fan Roster V3

Click here to take the quiz!

General Stats

  • This quiz has been taken 10 times
  • The average score is 102 of 135

Answer Stats

No.SeriesNameDescriptionGame Origins (Debut Game)% Correct
004Super Mario Bros.BowserKing Koopa himself, the main villain of the Mario series.Super Mario Bros.
100%
005Super Mario Bros.Bowser Jr.Bowser's son and a great painter in his clown car.Super Mario Sunshine
100%
037PokémonCharizardThe flying lizard and fire starter from Kanto.Pokémon Red & Blue
100%
107Crash BandicootCrash BandicootThe protagonist of Crash Bandicoot and its sequels.Crash Bandicoot
100%
003εSuper Mario Bros.DaisyThe princess of Sarasaland who more often shows up for sporting events.Super Mario Land
100%
001εSuper Mario Bros.Dr. MarioMario... but a doctor... straight-forward, isn't it?Dr. Mario
100%
019The Legend of ZeldaLinkThe protagonist of most Zelda games, this one being from Breath of the Wild.The Legend of Zelda
100%
002Super Mario Bros.LuigiMario's younger yet taller brother. He wears green and has his own series.Mario Bros.
100%
001Super Mario Bros.MarioThe mascot of Nintendo and the protagonist of most Super Mario games.Donkey Kong
100%
085Mega ManMega ManThe protagonist of the Mega Man franchise.Mega Man
100%
003Super Mario Bros.PeachThe princess of the Mushroom Kingdom who is in need of rescuing often.Super Mario Bros.
100%
031PokémonPikachuThe lovable electric mascot of Pokémon.Pokémon Red & Blue
100%
106Spyro the DragonSpyro the DragonA dragon that can spit fire who was very popular on the Playstation.Spyro the Dragon
100%
020The Legend of ZeldaZeldaThe princess of Hyrule, that uses magic to protect herself.The Legend of Zelda
100%
016Yoshi's IslandBaby Mario & Baby LuigiThe duo of the baby Mario brothers.Super Mario World 2: Yoshi's Island
88%
098Banjo-KazooieBanjo & KazooieThe protagonists of Banjo-Kazooie.Banjo-Kazooie
88%
059Fire EmblemBylethThe professor and protagonist of Fire Emblem: Three Houses.Fire Emblem: Three Houses
88%
053F-ZeroCaptain FalconThe main protagonist in F-Zero.F-Zero
88%
089Street FighterChun LiThe main female character in Street Fighter.Street Fighter
88%
010Donkey Kong CountryDonkey KongThe banana-loving ape that once threw barrels at Mario... or was that his grandfather? No one knows.Donkey Kong
88%
042Star FoxFox McCloudThe protagonist of Star Fox.Star Fox
88%
039PokémonGreninjaThe ninja frog and the final stage of the water starter in Kalos.Pokémon X & Y
88%
094SMT: PersonaJokerThe protagonist of Persona 5 and the leader of the Phantom Thieves.Persona 5
88%
026KirbyKirbyThe protagonist of the Kirby franchise.Kirby's Dream Land
88%
054Fire EmblemMarthThe main protagonist and mascot of Fire Emblem.Fire Emblem: Shadow Dragon and the Blade of Light
88%
033PokémonMewtwoThe psychic legendary Pokémon from Kanto.Pokémon Red & Blue
88%
109MiiMii GunnerThe gunning variety of Mii fighters.Super Smash Bros. 4 3DS
88%
087Pac-ManPac-ManThe protagonist of the Pac-Man franchise.Pac-Man
88%
009Super Mario Bros.Paper MarioIt's Mario again... but he's paper and has a hammer.Paper Mario
88%
034PokémonPichuThe pre-evolution of Pikachu, introduced in Gold and Silver.Pokémon Gold & Silver
88%
061Kid IcarusPitThe angel and protagonist of Kid Icarus.Kid Icarus
88%
047MetroidSamus AranThe protagonist of Metroid, with her suit.Metroid
88%
103UndertaleSansThe lazy skeleton from Undertale.Undertale
88%
091Final FantasySephirothThe main villain in Final Fantasy 7.Final Fantasy VII
88%
024The Legend of ZeldaSheik
A member of the Shiekah tribe that is spoiler alert; Zelda in disguise.
The Legend of Zelda: Ocarina of Time
88%
067Xenoblade ChroniclesShulkThe main protagonist of Xenoblade Chronicles.Xenoblade Chronicles
88%
035PokémonSquirtleThe turtle Pokémon and water starter from Kanto.Pokémon Red & Blue
88%
100MinecraftSteveThe male 'default skin' in Minecraft.Minecraft
88%
008Super Mario Bros.ToadThe main resident of the Mushroom Kingdom. He comes in a captain variant.Super Mario Bros.
88%
008εSuper Mario Bros.ToadetteThe female version of the main resident in the Mushroom Kingdom.Mario Kart: Double Dash!!
88%
023The Legend of ZeldaToon LinkThe cartoony protagonist of Wind Waker.The Legend of Zelda: The Wind Waker
88%
017WarioWareWarioMario's greedy nemesis who runs his own video game company.Super Mario Land 2: 6 Golden Coins
88%
014Yoshi's IslandYoshiMario's pet and/or best friend. He's been with Mario since he was a baby.Super Mario World
88%
086Mega ManZeroA die-hard warrior who doesn't hesitate to take action, and the successor of Bass.Mega Man X
88%
100εMinecraftAlexThe female 'default skin' in Minecraft.Minecraft
75%
063εPikminAlphOne of the 3 protagonist of Pikmin 3.Pikmin 3
75%
018WarioWareAshleyThe magic broom-riding witch who is accompanied by Red, her shapeshifting imp friend.WarioWare: Touched!
75%
080Balloon FightBalloon FighterThe protagonist of Balloon Fight.Balloon Fight
75%
029KirbyBandana Waddle DeeOne of the most common enemies turned staple recurring character with a spear.Kirby Super Star Ultra
75%
092BayonettaBayonettaThe main protagonist of Bayonetta.Bayonetta
75%
063PikminCaptain OlimarThe protagonist of Pikmin 1 and 2.Pikmin
75%
074Chibi-Robo!Chibi-RoboThe lovable humanoid plug that ventures the human house.Chibi-Robo!
75%
055εFire EmblemChromA direct descendant of Marth and one of the 3 main characters in Awakening.Fire Emblem Awakening
75%
090Final FantasyCloud StrifeThe main protagonist in Final Fantasy 7.Final Fantasy VII
75%
058Fire EmblemCorrinThe protagonist of Fire Emblem Fates.Fire Emblem Fates
75%
061εKid IcarusDark PitThe edgy anti-hero version of Pit.Kid Icarus: Uprising
75%
047εMetroidDark SamusThe alien villain dark clone of Samus.Metroid Prime 2: Echoes
75%
011Donkey Kong CountryDiddy Kong & Dixie KongThe pair of Kongs, being the protagonists of Donkey Kong Country 2.Donkey Kong Country
75%
082Sonic the HedgehogDr. EggmanSonic's arch nemesis and the main villain.Sonic the Hedgehog
75%
079Duck HuntDuck Hunt DuoThe dog and duck combo from Duck Hunt.Duck Hunt
75%
043Star FoxFalco LombardiThe cocky bird in Star Fox.Star Fox
75%
013Donkey Kong CountryFunky KongThe cool surfer Kong who helps Donkey Kong and his pals.Donkey Kong Country
75%
021The Legend of ZeldaGanondorfThe main villain of the Zelda series.The Legend of Zelda: Ocarina of Time
75%
020εThe Legend of ZeldaHildaThe princess of another world, trying to do the best for her world.The Legend of Zelda: A Link Between Worlds
75%
077Ice ClimbersIce ClimbersPopo and Nana, the pair that are scaling the freezing cold Icicle Mountain.Ice Climbers
75%
056Fire EmblemIkeThe protagonist of Fire Emblem: Path of Radiance.Fire Emblem: Path of Radiance
75%
024εThe Legend of ZeldaImpaA member of the Sheikah tribe who worked also as Zelda's guardian.The Legend of Zelda
75%
040PokémonIncineroarThe wrestling cat and the final stage of the fire starter in Alola.Pokémon Sun & Moon
75%
070SplatoonInklingThe species that mainly inhabits Inkopolis. They participate in Splat-Fest.Splatoon
75%
073Golden SunIsaacThe protagonist of Golden Sun.Golden Sun
75%
064εAnimal CrossingIsabelleMayor of the town in Animal Crossing: New Leaf. She works with the player to create the perfect town.Animal Crossing: New Leaf
75%
036PokémonIvysaurBulbasaur's second stage and grass starter from Kanto.Pokémon Red & Blue
75%
032PokémonJigglypuffA weird inclusion in Smash, being just a normal (and fairy) Pokémon.Pokémon Red & Blue
75%
015Yoshi's IslandKamekBowser's caretaker and a magikoopa.Super Mario World 2: Yoshi's Island
75%
088εStreet FighterKenThe first clone character, being a main recurring character in Street Fighter.Street Fighter
75%
027KirbyKing DededeThe penguin king of Dream Land. He uses a hammer to fight in the arena.Kirby's Dream Land
75%
012Donkey Kong CountryKing K. RoolThe antagonist of the original Donkey Kong Country trilogy. He is a evil crocodile who steals bananas.Donkey Kong Country
75%
065Punch-Out!!Little MacThe protagonist of Punch-Out!!Punch-Out!!
75%
038PokémonLucarioAn aura-based fighting / steel type Pokémon found in the Sinnoh region.Pokémon Diamond & Pearl
75%
052EarthBoundLucasThe main protagonist of Mother 3.Mother 3
75%
054εFire EmblemLucina"Marth" and one of the 3 main characters in Fire Emblem Awakening.Fire Emblem Awakening
75%
028KirbyMeta KnightA masked mercenary that encounters Kirby multiple times.Kirby's Adventure
75%
108MiiMii BrawlerThe brawling variety of Mii fighters.Super Smash Bros. 4 3DS
75%
110MiiMii SwordfighterThe sword variety of Mii fighters.Super Smash Bros. 4 3DS
75%
072ARMSMin MinThe Chinese Ramen shop owner who doubles as an ARMS fighter.ARMS
75%
076Game & WatchMr. Game & WatchAn old retro character that appeared in multiple Game & Watch consoles.Toss-Up
75%
051EarthBoundNessThe main protagonist of Earthbound.EarthBound
75%
051εEarthBoundNintenThe main protagonist of the original Mother.Mother
75%
062Kid IcarusPalutenaThe goddess herself who helps Pit along his journey.Kid Icarus
75%
046Star FoxPeppy HareThe intelligent bunny in Star Fox.Star Fox
75%
104Ace AttorneyPhoenix WrightThe famous defense attorney, able to defend every client.Phoenix Wright: Ace Attorney
75%
031εPokémonPikachu LibrePikachu, but it's the wrestler version featured in Pokkén Tournament.Pokémon Omega Ruby & Alpha Sapphire
75%
007Super Mario Bros.Piranha PlantAn average Mario enemy that can be seen in pipes in plenty of levels.Super Mario Bros.
75%
035-037PokémonPokémon TrainerAlso called Red and Green, they have the three starters of Kanto.Pokémon Red & Blue
75%
093εCastlevaniaRichter BelmontA main protagonist of some Casltevania games and a descendant of Simon.Castlevania: Rondo of Blood
75%
049MetroidRidleyThe purple dragon villain from Metroid who serves as a boss.Metroid
75%
078R.O.B.R.O.B.A toy robot that was created by Nintendo to play multiple games. He also doubled as a Mario Kart racer.Gyromite
75%
057Fire EmblemRobinThe protagonist of Fire Emblem Awakening.Fire Emblem Awakening
75%
006Super Mario Bros.Rosalina & LumaThe duo of a princess and her many stars.Super Mario Galaxy
75%
055Fire EmblemRoyThe protagonist of Fire Emblem: The Binding Blade.Super Smash Bros. Melee
75%
088Street FighterRyuThe arguably most recognizable Street Fighter character and mascot.Street Fighter
75%
081εSonic the HedgehogShadow the HedgehogAn edgier, gun-wielding hedgehog from Sonic the Hedgehog.Sonic Adventures 2
75%
093CastlevaniaSimon BelmontThe main protagonist of some of the Castlevania games.Castlevania
75%
025The Legend of ZeldaSkull KidThe masked villain of Majora's Mask.The Legend of Zelda: Majora's Mask
75%
045Star FoxSlippy ToadThe clumsy frog in Star Fox.Star Fox
75%
083Metal Gear SolidSolid SnakeThe protagonist of Metal Gear.Metal Gear
75%
081Sonic the HedgehogSonic the HedgehogThe speedy chili-dog-loving hedgehog that can run faster than light.Sonic the Hedgehog
75%
064Animal CrossingVillagerThe player character in Animal Crossing.Animal Crossing
75%
066Wii FitWii Fit TrainerThe instructor from Wii Fit.Wii Fit
75%
044Star FoxWolf O'DonnellThe villain of Star Fox, being a nemesis to Fox McCloud.Star Fox 64
75%
022The Legend of ZeldaYoung LinkThe younger protagonist of Ocarina of Time and Majora's Mask.The Legend of Zelda: Ocarina of Time
75%
048MetroidZero Suit SamusThe protagonist of Metroid, without her suit.Metroid
75%
053εF-ZeroBlack ShadowThe main antagonist in F-Zero.F-Zero X
63%
060Fire EmblemCaedaMarth's wife and a pegasus knight from Shadow Dragon.Fire Emblem: Shadow Dragon and the Blade of Light
63%
075Rhythm HeavenKarate JoeA fighter in Rhythm Heaven, punching objects that fly his way to the rhythm.Rhythm Tengoku
63%
030KirbyMarxThe ball-riding clown from Kirby Super Star.Kirby Super Star
63%
070εSplatoonOctolingAnother species that inhabits Inkopolis, and the octopus equivalent of an Inkling.Splatoon
63%
069Xenoblade ChroniclesPyra & MythraRex's female companions in Xenoblade Chronicles 2.Xenoblade Chronicles 2
63%
071ARMSSpring ManOne of the many characters in ARMS, him being the most recognizable.ARMS
63%
099Fatal FuryTerry BogardA main character featured in the fighting game Fatal Fury.Fatal Fury: King of Fighters
63%
041PokémonUrshifuThe kung-fu bear found on the Isle of Armor.Pokémon Sword & Shield
63%
062εKid IcarusViridiThe goddess of Nature.Kid Icarus: Uprising
63%
057εFire EmblemCelicaOne of the 2 main protagonists of Fire Emblem: Gaiden and Echoes.Fire Emblem: Gaiden
50%
028εKirbyDark Meta KnightA dark mirrored version of Meta Knight.Kirby & The Amazing Mirror
50%
068Xenoblade ChroniclesElmaThe main protagonist of Xenoblade Chronicles X.Xenoblade Chronicles X
50%
084Metal Gear SolidGray FoxOnce an ally, he is now a mercenary who is forced to fight Snake.Metal Gear
50%
050MetroidSyluxA bounty hunter and antagonist in Metroid Prime.Metroid Prime: Hunters
50%
102OverwatchTracerThe mascot of Overwatch, being a British attacker with dual guns.Overwatch
50%
097εDragon QuestErdrickThe protagonist of Dragon Quest 3 with his famous Goku-like hair.Dragon Quest III
38%
105DanganronpaMonokumaAn evil bear who traps teenagers in a killing game for the fun of it.Danganronpa: Trigger Happy Havoc
38%
097Dragon QuestLuminaryThe protagonist of Dragon Quest 11 and its enhanced remake.Dragon Quest XI
25%
096SMT: PersonaMakoto YukiThe protagonist of Persona 3 and the field leader of S.E.E.S.Shin Megami Tensei: Persona 3
25%
094εSMT: PersonaVioletA member of the Phantom Thieves and a gymnast.Persona 5 Royal
25%
095SMT: PersonaYu NarukamiThe protagonist of Persona 4 and the leader of the Investigation Team.Shin Megami Tensei: Persona 4
25%
101Octopath TravelerCyrus AlbrightOne of the many characters of Octopath Traveler and the teacher character.Octopath Traveler
13%

Score Distribution

Percentile by Number Answered

Percent of People with Each Score

Your Score History

You have not taken this quiz